00578 2200205 4500001002100000005001700021008004100038020001800079035002500097040001200122082001100134090002100145110001900166245006100185260003400246300003000280650003400310850001200344990001600356YOGYA-0209000000801520150422095918.0 ind  a0522-257534-7 a0010-020900000008015 aYOPDYOG a332.11 aRQ 332.22bBan L aBANK INDONESIA aLAPORAN tahunan 2000 BI (Bank Indonesia)cBank Indonesia aJakartabBank Indonesiac2000 axvi, 281 hlmbilusc28 cm aBank Indonesia - buku tahunan aYOPDYOG a180-PD/A.04